Normal view
MARC view
- Laroia, JM and Bhatia, KB; Rev
Entry Personal Name
001 - CONTROL NUMBER
- control field: 7146
003 - CONTROL NUMBER IDENTIFIER
- control field: OSt
005 - DATE AND TIME OF LATEST TRANSACTION
- control field: 20250214121519.0
008 - FIXED-LENGTH DATA ELEMENTS
- fixed length control field: 250214|| aca||aabn | a|a d
040 ## - CATALOGING SOURCE
- Original cataloging agency: OSt
- Transcribing agency: OSt
100 ## - HEADING--PERSONAL NAME
- Personal name: Laroia, JM and Bhatia, KB; Rev
670 ## - SOURCE DATA FOUND
- Source citation: Work cat.: (OSt)10297: Uppal, S L . 6591, Electrical wiring, estimating and costing / , 1997.
